[Event "Rochade - Amay"]
[Site "Eupen"]
[Date "2012.09.23"]
[Round "1.7"]
[White "Ahn, Martin"]
[Black "Memeti, Kastriot"]
[Result "1-0"]
[WhiteElo "2325"]
[BlackElo "2200"]
[PlyCount "63"]
[EventDate "2012.??.??"]

1. e4 e6 2. d4 d5 3. Nc3 Nf6 4. Bg5 Bb4 5. e5 h6 6. Bh4 g5 7. Bg3 Ne4 8. Nge2
c5 9. a3 Bxc3+ 10. Nxc3 Qa5 11. Qd3 Nc6 12. dxc5 Nxg3 13. hxg3 d4 14. b4 Nxb4
15. Qb5+ Nc6 16. Qxa5 Nxa5 17. Ne4 Ke7 18. Nxg5 Bd7 19. Ne4 Rac8 20. Rb1 Rc7
21. Rh4 Nc6 22. f4 Na5 23. Rb4 Bc6 24. Nf6 Be8 25. Bd3 Rxc5 26. g4 b5 27. Rxd4
Bc6 28. g5 Nc4 29. Bxc4 bxc4 30. gxh6 Bd5 31. h7 Ra5 32. Rg4 1-0

[Event "Rochade - Amay"]
[Site "Eupen"]
[Date "2012.09.23"]
[Round "1.5"]
[White "Coenen, Michael"]
[Black "Tan, Matthew"]
[Result "1/2-1/2"]
[WhiteElo "2330"]
[BlackElo "2428"]
[PlyCount "28"]
[EventDate "2012.??.??"]

1. e4 e6 2. d4 d5 3. exd5 exd5 4. Bd3 Nc6 5. c3 Bd6 6. h3 Nge7 7. Qc2 Be6 8.
Ne2 Qd7 9. Bf4 Bf5 10. Nd2 O-O 11. O-O Rae8 12. Rfe1 Bg6 13. Bxd6 Qxd6 14. Nf3
a6 1/2-1/2

[Event "Rochade - Amay"]
[Site "Eupen"]
[Date "2013.09.23"]
[Round "1.3"]
[White "Feygin, Michael"]
[Black "Burg, Twan"]
[Result "1-0"]
[WhiteElo "2538"]
[BlackElo "2470"]
[PlyCount "53"]
[EventDate "2013.??.??"]

1. e4 c6 2. d4 d5 3. exd5 cxd5 4. Bd3 Nc6 5. c3 Qc7 6. h3 g6 7. Qc2 Bf5 8. Bxf5
gxf5 9. Qxf5 Nxd4 10. Qd3 Nc6 11. Qxd5 Nf6 12. Qc4 Rg8 13. Bf4 Qd7 14. Na3 e5
15. Rd1 Qf5 16. Bg3 Ne4 17. Nf3 Bc5 18. Nb5 Rc8 19. Qxc5 Rxg3 20. fxg3 Nd4 21.
Qxe5+ Qxe5 22. Nxe5 Nxb5 23. O-O Nxg3 24. Rxf7 Rc5 25. Nd7 Rc7 26. Rxh7 Ne4 27.
Re1 1-0

[Event "Rochade - Amay"]
[Site "Eupen"]
[Date "2012.09.23"]
[Round "1.1"]
[White "Berelowitsch, Alexander"]
[Black "Kiselev, Vitaliy"]
[Result "1/2-1/2"]
[WhiteElo "2582"]
[BlackElo "2517"]
[PlyCount "41"]
[EventDate "2012.??.??"]

1. e4 e5 2. Nf3 d6 3. d4 exd4 4. Qxd4 a6 5. Bg5 Nc6 6. Qd2 Nf6 7. Nc3 Be7 8.
O-O-O O-O 9. Bd3 Re8 10. h3 b5 11. Rhe1 Ne5 12. Bf4 Nxf3 13. gxf3 Be6 14. Rg1
Kh8 15. h4 Nd7 16. Be2 Nb6 17. Bg5 f6 18. Be3 c6 19. Bd3 Bf8 20. Ne2 d5 21. Nd4
1/2-1/2

[Event "Rochade  - Deurne"]
[Site "?"]
[Date "2013.02.03"]
[Round "8.2"]
[White "Lazarev, Vladimir"]
[Black "Sadkowski, Daniël"]
[Result "1/2-1/2"]
[WhiteElo "2442"]
[BlackElo "2338"]
[PlyCount "60"]
[EventDate "2010.04.20"]

1. d4 d5 2. c4 dxc4 3. e3 Nf6 4. Bxc4 e6 5. Qe2 c5 6. dxc5 Bxc5 7. Nf3 Nc6 8.
a3 Qc7 9. b4 Bd6 10. Nc3 a6 11. Bb2 O-O 12. Rc1 Qe7 13. Bd3 Bd7 14. O-O Rfd8
15. Rfd1 Be8 16. Nd2 Bxh2+ 17. Kxh2 Qd6+ 18. Kg1 Qxd3 19. Qxd3 Rxd3 20. Nde4
Rxd1+ 21. Rxd1 Nxe4 22. Nxe4 Rd8 23. Rc1 b6 24. Rc2 Kf8 25. Nd2 Ne7 26. Bd4 Rc8
27. Rxc8 Nxc8 28. Nc4 b5 29. Bc5+ Kg8 30. Nd6 Nxd6 1/2-1/2

[Event "KGSRL - Zottegem"]
[Site "?"]
[Date "2013.01.13"]
[Round "7.8"]
[White "Ducarmon, Renzo"]
[Black "De Herdt, Yasseen"]
[Result "1/2-1/2"]
[WhiteElo "2050"]
[BlackElo "2130"]
[PlyCount "57"]
[EventDate "2013.??.??"]

1. e4 c5 2. Nf3 d6 3. d4 cxd4 4. Nxd4 Nf6 5. Nc3 Nc6 6. Bc4 e6 7. O-O Be7 8.
Be3 O-O 9. Bb3 a6 10. Kh1 Na5 11. f4 Qc7 12. f5 e5 13. Nde2 Nxb3 14. axb3 h6
15. Ng3 b6 16. Nh5 Bb7 17. Nxf6+ Bxf6 18. Qg4 Kh7 19. Rad1 b5 20. Rf2 b4 21.
Na4 Bc6 22. Nb6 Rab8 23. Nc4 Rfd8 24. Rfd2 Be7 25. Qh5 Bf8 26. Qh4 Be7 27. Qh5
Bf8 28. Qh4 Be7 29. Qh5 1/2-1/2

[Event "KGSRL - Zottegem"]
[Site "?"]
[Date "2013.01.13"]
[Round "7.6"]
[White "Goormachtigh, Johan"]
[Black "Ghysels, Marc"]
[Result "1/2-1/2"]
[WhiteElo "2205"]
[BlackElo "2135"]
[PlyCount "24"]
[EventDate "2013.??.??"]

1. d4 Nf6 2. Nf3 c5 3. d5 b5 4. Bg5 Bb7 5. Bxf6 gxf6 6. e4 a6 7. a4 Rg8 8. g3
Qb6 9. axb5 axb5 10. Rxa8 Bxa8 11. Na3 f5 12. e5 Rg4 1/2-1/2

[Event "KGSRL - Zottegem"]
[Site "?"]
[Date "2013.01.13"]
[Round "7.4"]
[White "Dharma, Tjian"]
[Black "Michiels, Dirk"]
[Result "1-0"]
[WhiteElo "2386"]
[BlackElo "2300"]
[PlyCount "69"]
[EventDate "2013.??.??"]

1. d4 Nf6 2. c4 e6 3. Nc3 Bb4 4. e3 O-O 5. Bd3 d5 6. Nge2 Nbd7 7. O-O c6 8. Ng3
dxc4 9. Bxc4 c5 10. a3 cxd4 11. axb4 dxc3 12. bxc3 Qc7 13. Qe2 b6 14. Bd2 Bb7
15. Bb3 a5 16. Rfc1 Rfc8 17. f3 Ne5 18. c4 axb4 19. Rxa8 Rxa8 20. Bxb4 Rc8 21.
c5 Bd5 22. Bxd5 Nxd5 23. Ba3 Qa7 24. Bb2 Ng6 25. Nh5 Rxc5 26. Rxc5 bxc5 27.
Bxg7 Qa4 28. Bh6 Ne5 29. e4 Qd4+ 30. Kf1 Nd3 31. Qd2 Qa1+ 32. Ke2 Nc1+ 33. Kf2
Qe5 34. exd5 Qxh5 35. Qxc1 1-0

[Event "KGSRL - Zottegem"]
[Site "?"]
[Date "2013.01.13"]
[Round "7.2"]
[White "Van Haastert, Edwin"]
[Black "Hamblok, Roel"]
[Result "0-1"]
[WhiteElo "2450"]
[BlackElo "2240"]
[PlyCount "62"]
[EventDate "2013.??.??"]

1. e4 c6 2. d4 d5 3. Nc3 dxe4 4. Nxe4 Bf5 5. Ng3 Bg6 6. Nh3 e6 7. c3 Bd6 8. Nf4
Qc7 9. Qf3 Nd7 10. Bc4 Ngf6 11. O-O e5 12. Nxg6 hxg6 13. Bb3 e4 14. Qe2 Kf8 15.
Be3 Re8 16. Rfd1 Nd5 17. Bxd5 cxd5 18. Rac1 f5 19. Bg5 f4 20. Nf1 f3 21. gxf3
Bxh2+ 22. Kg2 Rh5 23. Be3 Nf6 24. fxe4 Qd7 25. Qxh5 gxh5 26. Nxh2 Rxe4 27. Rd3
Qf5 28. Rcd1 Kg8 29. Bc1 Re2 30. Rf3 Qe4 31. Rdd3 Ng4 0-1

[Event "KGSRL - Wirtzfeld"]
[Site "?"]
[Date "2012.10.21"]
[Round "3.8"]
[White "Ducarmon, Renzo"]
[Black "Hautot, Stéphane"]
[Result "0-1"]
[WhiteElo "2060"]
[BlackElo "2401"]
[PlyCount "76"]
[EventDate "2012.10.20"]

1. e4 c5 2. Nf3 d6 3. d4 cxd4 4. Nxd4 Nf6 5. Nc3 e6 6. f4 Be7 7. Be3 O-O 8. Be2
Nc6 9. Qd2 a6 10. O-O Qc7 11. f5 Ne5 12. Rad1 b5 13. a3 Bd7 14. Bf4 Nc4 15.
Bxc4 bxc4 16. fxe6 fxe6 17. Nde2 Qb6+ 18. Kh1 Ng4 19. h3 Nf2+ 20. Rxf2 Qxf2 21.
Bxd6 Bxd6 22. Qxd6 Rad8 23. Qc7 Qf7 24. a4 Qe8 25. Qxc4 Bc8 26. Nd4 Qg6 27. Nc6
Rxd1+ 28. Nxd1 Qf6 29. Ne3 Qxb2 30. Ne7+ Kh8 31. Qc5 Qb1+ 32. Kh2 Qb8+ 33. e5
Bb7 34. Nc4 Rf7 35. Na5 Be4 36. Nac6 Qe8 37. Qd6 Rf2 38. Kg3 Qf8 0-1

[Event "KGSRL - Wirtzfeld"]
[Site "?"]
[Date "2012.10.21"]
[Round "3.6"]
[White "Lacrosse, Marc"]
[Black "Gulbas, Cemil"]
[Result "0-1"]
[WhiteElo "2194"]
[BlackElo "2436"]
[PlyCount "56"]
[EventDate "2012.10.20"]

1. d4 d5 2. c4 c6 3. Nf3 Nf6 4. Nc3 e6 5. Bg5 dxc4 6. e4 b5 7. e5 h6 8. Bh4 g5
9. exf6 gxh4 10. Ne5 Qxf6 11. a4 a6 12. Be2 Bd6 13. Ng4 Qg7 14. O-O f5 15. Ne3
Ra7 16. Bf3 O-O 17. Re1 Rd7 18. Qe2 Qxd4 19. Nc2 Qf4 20. g3 Rg7 21. Rad1 hxg3
22. hxg3 Bc5 23. Kg2 Qc7 24. Nd4 Rf6 25. Qe5 Qxe5 26. Rxe5 Bxd4 27. Rxd4 Nd7
28. Re1 e5 0-1

[Event "KGSRL - Wirtzfeld"]
[Site "?"]
[Date "2012.10.21"]
[Round "3.4"]
[White "Lemmers, Oscar"]
[Black "Winants, Luc"]
[Result "0-1"]
[WhiteElo "2372"]
[BlackElo "2545"]
[PlyCount "118"]
[EventDate "2012.10.20"]

1. e4 e5 2. Nc3 Nf6 3. f4 d5 4. fxe5 Nxe4 5. Nf3 Be7 6. d4 Bf5 7. Bd3 Nc6 8.
O-O O-O 9. Qe1 Nb4 10. Qe2 Nxd3 11. cxd3 Nxc3 12. bxc3 Qd7 13. Bg5 Bxg5 14.
Nxg5 h6 15. Nf3 Rac8 16. Qe3 b6 17. Nh4 Bh7 18. Rf3 c5 19. Raf1 cxd4 20. cxd4
Rc6 21. Nf5 Bxf5 22. Rxf5 b5 23. Qe1 Qd8 24. Qb4 Qb6 25. a4 bxa4 26. Qxa4 Rc7
27. h3 Rb8 28. R5f2 Qb4 29. Ra1 Rc1+ 30. Rf1 Rxf1+ 31. Kxf1 Qd2 32. Rd1 Qe3 33.
Re1 Qxd3+ 34. Kg1 Qg3 35. Qa1 a5 36. Rf1 Qe3+ 37. Kh1 Qd3 38. Rd1 Qb3 39. Rc1
a4 40. Kh2 Ra8 41. Rc7 Qb6 42. Rc3 Qa7 43. Ra3 Qa5 44. Kg1 Qb4 45. Kh2 h5 46.
Kh1 g6 47. Kh2 Kg7 48. Kh1 Rc8 49. Rf3 Rc4 50. Qf1 Qe7 51. Qa1 Qa7 52. Rd3 Qc7
53. Qa3 h4 54. Qd6 Qxd6 55. exd6 Kf6 56. Re3 Rc6 57. d7 Rd6 58. Ra3 Rxd7 59.
Rxa4 Kf5 0-1

[Event "KGSRL - Wirtzfeld"]
[Site "?"]
[Date "2012.10.21"]
[Round "3.2"]
[White "Van der Stricht, Geert"]
[Black "Van den Doel, Erik"]
[Result "1/2-1/2"]
[WhiteElo "2412"]
[BlackElo "2571"]
[PlyCount "82"]
[EventDate "2012.10.20"]

1. d4 Nf6 2. c4 e6 3. Nf3 Bb4+ 4. Bd2 Bxd2+ 5. Qxd2 O-O 6. Nc3 d6 7. e4 e5 8.
dxe5 dxe5 9. Nxe5 Qe7 10. Nf3 Nxe4 11. Nxe4 Qxe4+ 12. Be2 Nc6 13. O-O Rd8 14.
Qc3 Bf5 15. Rfe1 Qc2 16. Qa3 Be6 17. Rac1 Qf5 18. Qb3 Rab8 19. Qc3 Qa5 20. Qxa5
Nxa5 21. Ng5 Re8 22. Nxe6 Rxe6 23. Bf1 Rbe8 24. Rxe6 Rxe6 25. Rd1 Kf8 26. g3
Ke8 27. f4 Rb6 28. Rd2 c5 29. b3 Nc6 30. Bg2 Nd4 31. Kf2 Kd7 32. Bf3 Kc7 33.
Bd1 Rd6 34. Rd3 a5 35. h4 Rb6 36. Re3 Re6 37. Rxe6 Nxe6 38. Ke3 Nd4 39. Ke4 Kd6
40. g4 f6 41. f5 h6 1/2-1/2

[Event "KGSRL - Rochade"]
[Site "KGSRL"]
[Date "2012.11.18"]
[Round "4.7"]
[White "Goormachtigh, Joha"]
[Black "Ahn, Martin"]
[Result "1/2-1/2"]
[WhiteElo "2201"]
[BlackElo "2325"]
[PlyCount "34"]
[EventDate "2012.??.??"]

1. d4 Nf6 2. c4 c5 3. d5 b5 4. cxb5 a6 5. bxa6 g6 6. Nc3 Bxa6 7. Nf3 d6 8. g3
Bg7 9. Bg2 Nbd7 10. Rb1 Nb6 11. b3 Bc8 12. Nh4 h6 13. Qc2 Qd7 14. Bb2 g5 15.
Nf3 O-O 16. O-O Bb7 17. e4 Ba6 1/2-1/2

[Event "KGSRL - Rochade"]
[Site "KGSRL"]
[Date "2012.11.18"]
[Round "4.5"]
[White "Van Oosterom, Chiel"]
[Black "Schneider, Bernd"]
[Result "1/2-1/2"]
[WhiteElo "2385"]
[BlackElo "2406"]
[PlyCount "62"]
[EventDate "2012.??.??"]

1. e4 g6 2. d4 Bg7 3. Nc3 c6 4. f4 d5 5. e5 h5 6. Nf3 Nh6 7. Be3 Bg4 8. h3 Nf5
9. Bf2 Bxf3 10. Qxf3 Qb6 11. O-O-O h4 12. Na4 Qa5 13. Qb3 b5 14. Nc3 e6 15. Bd3
Nd7 16. Ne2 Bf8 17. Rhf1 a6 18. Be1 Qc7 19. Bxf5 gxf5 20. Bb4 Bxb4 21. Qxb4 c5
22. dxc5 Qxc5 23. Qd2 Qb6 24. Nd4 Nc5 25. Qe3 Rc8 26. Kb1 Rg8 27. Qf2 Ne4 28.
Qxh4 Rxg2 29. Qh8+ Kd7 30. Qh7 Ke7 31. Qh4+ Ke8 1/2-1/2

[Event "KGSRL - Rochade"]
[Site "KGSRL"]
[Date "2012.11.18"]
[Round "4.3"]
[White "Van der Stricht, Geert"]
[Black "Glek, Igor"]
[Result "1/2-1/2"]
[WhiteElo "2412"]
[BlackElo "2420"]
[PlyCount "144"]
[EventDate "2012.??.??"]

1. d4 d6 2. Nf3 Bg4 3. c4 Nd7 4. Nc3 e5 5. g3 Be7 6. Bg2 c6 7. O-O h6 8. Re1
Ngf6 9. c5 Bxf3 10. exf3 O-O 11. cxd6 Bxd6 12. d5 c5 13. Qb3 Nb6 14. Be3 a6 15.
Rac1 Rb8 16. Bh3 Na8 17. Qa3 Qe7 18. Ne4 b6 19. Qxa6 Nc7 20. Qd3 Ncxd5 21.
Nxf6+ Nxf6 22. Rcd1 Rfd8 23. Qb5 Bc7 24. Qc6 Rxd1 25. Rxd1 Rd8 26. Rxd8+ Qxd8
27. Kg2 Nd5 28. Bd2 Kf8 29. Qd7 Qxd7 30. Bxd7 Ke7 31. Bb5 f5 32. Kf1 Bd6 33.
Bd3 Kf6 34. Bc3 g5 35. Ke2 h5 36. Bc4 Nc7 37. a4 Ne6 38. Ke3 g4 39. fxg4 hxg4
40. Bd5 Ng5 41. Kd3 Ke7 42. Kc4 Bc7 43. a5 bxa5 44. Kxc5 Nh3 45. Kc6 Bd8 46.
Bxe5 Nxf2 47. Bc4 Ne4 48. Bd4 Nd2 49. Bd3 Nf3 50. Bc3 Nxh2 51. Bxf5 Kf7 52. b3
Nf1 53. Bxg4 Nxg3 54. Be1 Ne4 55. Bf3 Nf6 56. Bd5+ Kg6 57. Bc4 Kf5 58. Bd3+ Ke6
59. Bh4 Be7 60. Bc4+ Kf5 61. Be1 Bb4 62. Bxb4 axb4 63. Kb5 Ke5 64. Kxb4 Kd6 65.
Kb5 Ne4 66. b4 Kc7 67. Ka6 Nd6 68. Bd3 Kc6 69. Be2 Kd5 70. Kb6 Kd4 71. Kc6 Kc3
72. Kxd6 Kxb4 1/2-1/2

[Event "KGSRL - Rochade"]
[Site "KGSRL"]
[Date "2012.11.18"]
[Round "4.1"]
[White "Rozentalis, Eduardas"]
[Black "Berelowitsch, Alexander"]
[Result "1-0"]
[WhiteElo "2600"]
[BlackElo "2582"]
[PlyCount "117"]
[EventDate "2012.??.??"]

1. e4 e6 2. d4 d5 3. Nd2 c5 4. Ngf3 Nf6 5. exd5 Nxd5 6. Nb3 cxd4 7. Nbxd4 Be7
8. c3 O-O 9. Bd3 Bd7 10. Qc2 h6 11. O-O Nc6 12. Nxc6 Bxc6 13. Ne5 Qc7 14. Qe2
Rad8 15. g3 b6 16. Nxc6 Qxc6 17. Re1 Nf6 18. a4 a5 19. Bb5 Qc7 20. Be3 Bc5 21.
Qc4 Rc8 22. Bxc5 Qxc5 23. Qxc5 Rxc5 24. Rad1 Rb8 25. Rd6 Kf8 26. Red1 Ke7 27.
Kg2 Rcc8 28. R1d3 g5 29. h3 Rc5 30. Rd1 Rcc8 31. R1d4 Rd8 32. Rxd8 Rxd8 33.
Rxd8 Kxd8 34. Kf3 Ke7 35. Ke3 Kd6 36. Kd4 Nd5 37. Be2 f5 38. Kc4 Nc7 39. Bd3 h5
40. h4 gxh4 41. gxh4 Nd5 42. Kb5 Kc7 43. Bc4 Nf4 44. b4 axb4 45. cxb4 e5 46.
Bf7 e4 47. Kc4 Nd3 48. Bxh5 Nxf2 49. Kd4 Nd3 50. Bg6 Nxb4 51. h5 Nc6+ 52. Ke3
Ne5 53. Bxf5 Nf7 54. Kxe4 Kd6 55. Bg6 Ne5 56. Kf5 Nd7 57. h6 Nf8 58. Kf6 Kd5
59. Bf5 1-0

[Event "KGSRL - Fontaine"]
[Site "?"]
[Date "2013.03.03"]
[Round "10.8"]
[White "Vanheirzeele, Daniel"]
[Black "Platel, Alexandre"]
[Result "1/2-1/2"]
[WhiteElo "2162"]
[BlackElo "2251"]
[PlyCount "144"]
[EventDate "2013.??.??"]

1. d4 Nf6 2. c4 g6 3. Nc3 d5 4. Nf3 Bg7 5. Qb3 dxc4 6. Qxc4 O-O 7. e4 a6 8. e5
b5 9. Qb3 Be6 10. exf6 Bxb3 11. fxg7 Kxg7 12. axb3 c5 13. dxc5 Nc6 14. Be2 Nb4
15. O-O Qc8 16. Bd2 Qe6 17. Nd4 Qe5 18. Be3 Kg8 19. Bf3 Rad8 20. Nc6 Nxc6 21.
Bxc6 b4 22. Na4 f5 23. Bh6 Rf6 24. Bf3 Rd4 25. Rfe1 Qc7 26. Bg5 Rf7 27. Rad1
Rxd1 28. Rxd1 h6 29. Bd2 e6 30. Bxb4 g5 31. g3 f4 32. g4 h5 33. h3 Rd7 34. Rxd7
Qxd7 35. c6 Qd3 36. Kg2 e5 37. Nc5 Qd8 38. Nxa6 Qc8 39. Nc5 hxg4 40. hxg4 e4
41. Nxe4 Qxc6 42. Bc3 Qb5 43. b4 Kh7 44. Nd6 Qd7 45. Nf5 Qb5 46. Nd4 Qb6 47. b5
Qc5 48. Bc6 Qb6 49. Nf3 Qd8 50. Bd4 Qc8 51. Ne5 Qd8 52. Be4+ Kg8 53. Nc6 Qd7
54. f3 Qb7 55. b6 Qa6 56. Kf2 Qb5 57. Ne7+ Kf7 58. Nf5 Qb4 59. Ke2 Qb5+ 60. Bd3
Qb4 61. b7 Ke6 62. Ba6 Kd5 63. Kd1 Qa4+ 64. Kc1 Qa1+ 65. Kc2 Qa4+ 66. b3 Qa2+
67. Bb2 Qxa6 68. b8=Q Qe2+ 69. Kb1 Qd3+ 70. Ka1 Qf1+ 71. Bc1 Qxc1+ 72. Ka2 Qd2+
1/2-1/2

[Event "KGSRL - Fontaine"]
[Site "?"]
[Date "2013.03.03"]
[Round "10.6"]
[White "Lemmers, Oscar"]
[Black "Wantola, Ivo"]
[Result "1/2-1/2"]
[WhiteElo "2372"]
[BlackElo "2337"]
[PlyCount "31"]
[EventDate "2013.??.??"]

1. e4 c5 2. c3 g6 3. d4 cxd4 4. cxd4 d5 5. exd5 Nf6 6. Qb3 Nxd5 7. Bc4 e6 8.
Nf3 Nc6 9. Nc3 Nb6 10. Bg5 Be7 11. Bxe7 Qxe7 12. Bb5 Bd7 13. O-O O-O 14. Ne4
Nd5 15. Rac1 Rfd8 16. Rfd1 1/2-1/2

[Event "KGSRL - Fontaine"]
[Site "?"]
[Date "2013.03.03"]
[Round "10.4"]
[White "Vandenbussche, Thibaut"]
[Black "Maréchal, Andy"]
[Result "1/2-1/2"]
[WhiteElo "2392"]
[BlackElo "2380"]
[PlyCount "97"]
[EventDate "2013.??.??"]

1. e4 e6 2. d4 d5 3. e5 c5 4. c3 Nc6 5. Nf3 Bd7 6. Be2 f6 7. O-O Qc7 8. Na3 a6
9. Re1 cxd4 10. cxd4 Nge7 11. Nc2 Ng6 12. Bd3 f5 13. h4 Be7 14. h5 Nf8 15. Ng5
h6 16. Nh3 Qb6 17. Nf4 Nb4 18. Nxb4 Bxb4 19. Re2 Be7 20. Be3 Bg5 21. Rc1 Bc6
22. Bc2 Bxf4 23. Bxf4 g5 24. hxg6 Nxg6 25. Bh2 Ne7 26. Re3 Kd7 27. Rb3 Qa5 28.
Rc3 Rac8 29. Rc5 Qd8 30. a4 b6 31. Rc3 Bb7 32. Qd2 Nc6 33. Bf4 Qf8 34. a5 b5
35. Rc5 Qg7 36. Bd1 h5 37. Bf3 h4 38. Qc3 Rhg8 39. Qa3 Qe7 40. Kh2 Ba8 41. Bd2
Bb7 42. R1c2 Ba8 43. b3 Bb7 44. Qc1 Ba8 45. Bb4 Qg5 46. Bd2 Qe7 47. Qa3 Bb7 48.
Be2 Ba8 49. Bf3 1/2-1/2

[Event "KGSRL - Fontaine"]
[Site "?"]
[Date "2013.03.03"]
[Round "10.2"]
[White "Michiels, Bart"]
[Black "Haub, Thorsten"]
[Result "1-0"]
[WhiteElo "2505"]
[BlackElo "2466"]
[PlyCount "87"]
[EventDate "2013.??.??"]

1. e4 e6 2. d4 d5 3. Nc3 Bb4 4. e5 Qd7 5. Qg4 f5 6. Qg3 b6 7. Nh3 Nc6 8. Be3
Bb7 9. Nf4 O-O-O 10. a3 Bxc3+ 11. bxc3 Na5 12. h4 Qf7 13. h5 Ne7 14. h6 g6 15.
Nh3 Kb8 16. Bg5 Rc8 17. Bf6 Rhe8 18. Ng5 Qg8 19. Bd3 Nec6 20. Qh4 Nd8 21. Bg7
c5 22. O-O cxd4 23. cxd4 Nc4 24. a4 Nb2 25. Bb5 Bc6 26. Rfb1 Bxb5 27. Rxb2 Bc4
28. a5 b5 29. a6 Ka8 30. Qg3 Nc6 31. Qa3 Red8 32. Qc5 Rd7 33. Rab1 Nxe5 34. Qa3
Nf7 35. Nf3 Qd8 36. Nd2 Nd6 37. Be5 Qb6 38. Bxd6 Qxd6 39. Nxc4 bxc4 40. Qa4
Rcd8 41. Rb7 g5 42. Qb5 f4 43. c3 g4 44. Kf1 1-0

[Event "KGSRL - Eynatten 1"]
[Site "KGSRL"]
[Date "2013.02.17"]
[Round "9.7"]
[White "Goormachtigh, Johan"]
[Black "Polaczek, Richard"]
[Result "1/2-1/2"]
[WhiteElo "2201"]
[BlackElo "2426"]
[PlyCount "99"]
[EventDate "2013.??.??"]

1. d4 d5 2. Nf3 Nf6 3. c4 c6 4. Nc3 dxc4 5. a4 Bf5 6. Ne5 Nbd7 7. Nxc4 Qc7 8.
g3 e5 9. dxe5 Nxe5 10. Bf4 Rd8 11. Qc1 Bd6 12. Nxd6+ Qxd6 13. Bg2 Qe7 14. O-O
a5 15. Na2 O-O 16. Qc3 Ng6 17. Bg5 Qxe2 18. Qxa5 Be6 19. Bxf6 gxf6 20. Nc3 Qe5
21. Qb4 Rd2 22. Rad1 Rfd8 23. Rxd2 Rxd2 24. a5 Qd4 25. Qxd4 Rxd4 26. Rd1 Rb4
27. Rd2 Ne5 28. Ne4 Kg7 29. Nc5 Bf5 30. f4 Ng4 31. Bf1 Ne3 32. Be2 Bg4 33. Bd3
Rd4 34. b3 Rd5 35. Nxb7 Bc8 36. a6 Rd7 37. Kf2 Ng4+ 38. Kg2 Bxb7 39. axb7 Rxb7
40. h3 Ne3+ 41. Kf3 Nd5 42. Bc4 Ne7 43. g4 Nc8 44. h4 Nb6 45. Rd6 Rc7 46. Ke4
Nd7 47. Kf5 h6 48. Rd2 Ra7 49. Rd6 Rc7 50. Ke4 1/2-1/2

[Event "KGSRL - Eynatten 1"]
[Site "KGSRL"]
[Date "2013.02.17"]
[Round "9.5"]
[White "Tjiam, Dharma"]
[Black "Roeder, Mathias"]
[Result "1-0"]
[WhiteElo "2386"]
[BlackElo "2464"]
[PlyCount "109"]
[EventDate "2013.??.??"]

1. d4 Nf6 2. c4 e6 3. Nc3 Bb4 4. e3 O-O 5. Bd3 d5 6. a3 Bxc3+ 7. bxc3 c5 8. Ne2
dxc4 9. Bxc4 Nc6 10. f4 Qa5 11. O-O b6 12. Qd3 Bb7 13. Bd2 Ne7 14. Ng3 Nf5 15.
Nxf5 exf5 16. Bb5 Ne4 17. Be1 c4 18. Bxc4 Nd6 19. Bb3 Be4 20. Qe2 Rfc8 21. Rf2
Rc6 22. c4 Qa6 23. d5 Rc7 24. Bb4 Nb7 25. Rd1 Rd8 26. Rd4 Nc5 27. Bd1 Qc8 28.
Bc3 f6 29. Bb2 Qd7 30. Bc3 h6 31. Qa2 Kh7 32. a4 Nb7 33. a5 b5 34. a6 Nd6 35.
Ba5 Rxc4 36. Bxd8 Qxd8 37. Qd2 Qb6 38. Bb3 Rc7 39. h3 Qxa6 40. Qb4 Qb6 41. Ra2
Nb7 42. d6 Rc1+ 43. Kh2 a5 44. Qd2 Rc8 45. d7 Rd8 46. Bd5 b4 47. Bxe4 fxe4 48.
Rxe4 b3 49. Ra1 Nc5 50. Re7 a4 51. Rd1 a3 52. Qd5 Nxd7 53. Qf5+ Kh8 54. Qg6 Rg8
55. Rdxd7 1-0

[Event "KGSRL - Eynatten 1"]
[Site "KGSRL"]
[Date "2013.02.17"]
[Round "9.3"]
[White "Van der Stricht, Geert"]
[Black "Levin, Felix"]
[Result "0-1"]
[WhiteElo "2412"]
[BlackElo "2509"]
[PlyCount "84"]
[EventDate "2013.??.??"]

1. d4 Nf6 2. c4 e6 3. Nc3 Bb4 4. e3 O-O 5. Bd3 d5 6. Nf3 c5 7. O-O dxc4 8. Bxc4
Nbd7 9. a3 Ba5 10. Qe2 a6 11. Rd1 Qe7 12. Ba2 b5 13. d5 Bxc3 14. d6 Qe8 15.
bxc3 c4 16. e4 e5 17. Bb1 Nc5 18. Bg5 Qe6 19. Bc2 Bb7 20. Bxf6 Qxf6 21. Qe3 Nd7
22. a4 Bc6 23. axb5 axb5 24. Ra7 Rxa7 25. Qxa7 Rc8 26. Nd2 Qd8 27. f4 exf4 28.
Nf3 Qb6+ 29. Qxb6 Nxb6 30. Ne5 Bd7 31. Ra1 f6 32. Nxd7 Nxd7 33. e5 Nxe5 34. Rb1
Rd8 35. Rxb5 Rxd6 36. Rb8+ Kf7 37. Bxh7 g6 38. Bg8+ Kg7 39. Rc8 Ng4 40. Kf1 Rd2
41. Bxc4 Nxh2+ 42. Ke1 Rxg2 0-1

[Event "KGSRL - Eynatten 1"]
[Site "KGSRL"]
[Date "2013.02.17"]
[Round "9.1"]
[White "Sokolov, Ivan"]
[Black "Goloschchapow, Alexander"]
[Result "1/2-1/2"]
[WhiteElo "2676"]
[BlackElo "2582"]
[PlyCount "101"]
[EventDate "2013.??.??"]

1. d4 d5 2. c4 e6 3. Nc3 Be7 4. Bf4 Nf6 5. e3 O-O 6. a3 b6 7. cxd5 Nxd5 8. Nxd5
exd5 9. Bd3 c5 10. Ne2 Nc6 11. O-O Be6 12. Qa4 Qe8 13. Qc2 g6 14. dxc5 bxc5 15.
Bh6 c4 16. Qc3 f6 17. Nf4 Bf7 18. Bc2 Bd6 19. Ba4 Be5 20. Qd2 Qd7 21. Bxf8 Rxf8
22. Rad1 Rd8 23. Ne2 Qc7 24. h4 Ne7 25. Nd4 f5 26. b3 a6 27. Qc2 f4 28. exf4
Bxd4 29. Rxd4 Nf5 30. Rdd1 c3 31. Rfe1 d4 32. g3 Bd5 33. Qd3 Ba8 34. Re6 Qc5
35. Re5 Qb6 36. Qc4+ Kg7 37. Re6 Qb7 38. Bc6 Qc7 39. Rd3 Kh6 40. Bxa8 Qxc4 41.
bxc4 Ne3 42. Rexe3 dxe3 43. Rxc3 e2 44. Re3 Rd1+ 45. Kg2 e1=Q 46. Rxe1 Rxe1 47.
Bb7 a5 48. a4 Kg7 49. Ba6 Kf6 50. g4 Ke6 51. Bb5 1/2-1/2

[Event "KGSRL - Deurne"]
[Site "?"]
[Date "2012.09.23"]
[Round "1.8"]
[White "Regniers, Yves"]
[Black "Knors, Rudi"]
[Result "0-1"]
[WhiteElo "1997"]
[BlackElo "2112"]
[PlyCount "64"]
[EventDate "2012.??.??"]

1. d4 d5 2. c4 c6 3. Nf3 Nf6 4. Nc3 dxc4 5. a4 Bf5 6. Ne5 e6 7. Nxc4 Bb4 8. e3
O-O 9. Qb3 a5 10. Be2 Nbd7 11. O-O Qc7 12. Na2 Be7 13. Bd2 Ne4 14. Be1 Nd6 15.
f3 Nxc4 16. Bxc4 Bd6 17. h3 e5 18. e4 Bg6 19. Bf2 Kh8 20. Nc3 f5 21. Bd3 exd4
22. Bxd4 Bc5 23. Bf2 Bxf2+ 24. Rxf2 Nc5 25. Qc2 Rad8 26. exf5 Nxd3 27. fxg6 Qb6
28. Ne4 Nxf2 29. Nxf2 Qe3 30. Rf1 Rd2 31. Qc1 Re8 32. gxh7 Rxf2 0-1

[Event "KGSRL - Deurne"]
[Site "?"]
[Date "2012.09.23"]
[Round "1.6"]
[White "Vanheirzeele, Daniel"]
[Black "Schuermans, Robert"]
[Result "1/2-1/2"]
[WhiteElo "2125"]
[BlackElo "2184"]
[PlyCount "37"]
[EventDate "2012.??.??"]

1. d4 d5 2. c4 Nc6 3. Nc3 dxc4 4. Nf3 Nf6 5. Bg5 Nd5 6. e4 Nxc3 7. bxc3 f6 8.
Be3 Na5 9. Nd2 g6 10. Nxc4 c6 11. Nxa5 Qxa5 12. Qb3 Be6 13. d5 cxd5 14. Bb5+
Kf7 15. exd5 Bf5 16. O-O Bc2 17. Qxc2 Qxb5 18. c4 Qd7 19. Rfe1 1/2-1/2

[Event "KGSRL - Deurne"]
[Site "?"]
[Date "2012.09.23"]
[Round "1.4"]
[White "Van Oosterom, Chiel"]
[Black "Penson, Thierry"]
[Result "1/2-1/2"]
[WhiteElo "2384"]
[BlackElo "2191"]
[PlyCount "98"]
[EventDate "2012.??.??"]

1. e4 c5 2. Nf3 Nc6 3. c3 Nf6 4. e5 Nd5 5. Bc4 Nb6 6. Bb3 d6 7. exd6 e6 8. d4
Bxd6 9. O-O O-O 10. Re1 Be7 11. a3 cxd4 12. cxd4 Bf6 13. Re4 Nd5 14. h4 b6 15.
Qd3 a5 16. Bg5 Ba6 17. Qd2 Nce7 18. Nc3 Bb7 19. Nxd5 Nxd5 20. Rg4 Rc8 21. Re1
Kh8 22. Qd3 Ne7 23. Rf4 Ng6 24. Rg4 Ne7 25. Bxf6 gxf6 26. d5 Bxd5 27. Bxd5 Nxd5
28. Qd4 b5 29. b3 a4 30. Qd3 axb3 31. Qxb3 Qa5 32. Rd1 Rc3 33. Qb2 Qxa3 34.
Qxb5 Rxf3 35. gxf3 Qxf3 36. Rdd4 f5 37. Rg3 Rg8 38. Rxg8+ Kxg8 39. Qb8+ Kg7 40.
Qe5+ Kg6 41. Qb8 Kf6 42. Qh8+ Ke7 43. Qg7 h5 44. Qg5+ Kd6 45. Qc1 Ke5 46. Qa1
Kd6 47. Ra4 Nc3 48. Ra6+ Ke5 49. Ra3 Qg4+ 1/2-1/2

[Event "KGSRL - Deurne"]
[Site "?"]
[Date "2012.09.23"]
[Round "1.2"]
[White "Van der Stricht, Geert"]
[Black "Sadkowski, Daniel"]
[Result "1-0"]
[WhiteElo "2403"]
[BlackElo "2289"]
[PlyCount "71"]
[EventDate "2012.??.??"]

1. d4 d5 2. c4 dxc4 3. e4 e5 4. Nf3 exd4 5. Bxc4 Nc6 6. O-O Be6 7. Bxe6 fxe6 8.
Qb3 Qd7 9. Qxb7 Rb8 10. Qa6 Nf6 11. Nbd2 Bd6 12. Qd3 O-O 13. b3 e5 14. a3 Ne7
15. Nc4 Ng6 16. Ng5 h6 17. Nh3 Qb5 18. Rb1 Nd7 19. Qg3 Rf6 20. Bd2 Nc5 21. Rfe1
Qc6 22. Na5 Qa6 23. b4 Ne6 24. Qb3 Kh7 25. b5 Qc8 26. Nc6 Ra8 27. Qd5 Qf8 28.
a4 a6 29. bxa6 Rxa6 30. Rb8 Qf7 31. Qb5 Rb6 32. Rxb6 cxb6 33. Qxb6 Nh4 34. Nd8
Nxd8 35. Bg5 Qg6 36. Bxh4 1-0